Ένα κουκλόσπιτο : δράμα σε τρείς πράξεις
Αποθηκεύτηκε σε:
| Κύριος συγγραφέας: | |
|---|---|
| Άλλοι συγγραφείς: | |
| Μορφή: | Βιβλίο |
| Γλώσσα: | Greek |
| Δημοσίευση: |
Αθήνα :
Γκοβόστης,
[19--]
|
| Σειρά: | Άπαντα Ιψεν ;
; 9 |
| Θέματα: | |
| Ετικέτες: |
Προσθήκη ετικέτας
Δεν υπάρχουν, Καταχωρήστε ετικέτα πρώτοι!
|
MARC
| LEADER | 00000cam a2200000 i 4500 | ||
|---|---|---|---|
| 001 | 1/72100 | ||
| 008 | 980601q19801985 gre d | ||
| 035 | |l 10031144 | ||
| 040 | |a GR-MY-UA |b gre |e aacr | ||
| 041 | 0 | |a gre | |
| 082 | 0 | |a 839.82 | |
| 100 | 1 | |a Ibsen, Henrik, |d 1828-1906. | |
| 245 | 1 | 5 | |a Ένα κουκλόσπιτο : |b δράμα σε τρείς πράξεις / |c Ερρίκου Ιψεν ; μετάφραση, προλεγόμενα Λ. Κούκουλα |
| 260 | |a Αθήνα : |b Γκοβόστης, |c [19--] | ||
| 300 | |a 118 σ. | ||
| 490 | 1 | |a Απαντα Ιψεν |v ; 9 | |
| 600 | 1 | 0 | |a Ibsen, Henrik, |d 1828-1906. |
| 650 | 0 | 0 | |a Norwegian literature. |
| 700 | 1 | |a Κουκούλας, Λέων, |d 1894-1967. |4 trl | |
| 830 | 0 | |a Άπαντα Ιψεν ; |v ; 9 | |
| 852 | |a INST |b RHODES |e 19980601 |h 839.82 IBS |p 005400006468 |q 005400006468 |t BK |y 0 | ||
| 901 | |a BIBL-1998-2 | ||
| 909 | |a Ρ |b 053833 |c 1998 | ||
| 922 | |a 4ΕΛΗ |b 199802 |c ΚΠΣ/Ν |d EMVASIS | ||